| 000 | 01244cam a2200337 i 4500 | ||
|---|---|---|---|
| 003 | EG-GICUC | ||
| 005 | 20260215092650.0 | ||
| 008 | 010726s2001 enk frb 001 0 eng d | ||
| 020 | _a0198299982 | ||
| 020 | _a9780198299981 | ||
| 040 |
_aDLC _cDLC _dDLC _dEG-GICUC _beng _erda |
||
| 050 | 0 | 0 |
_aKZ3395.C25 _bA35 2001 |
| 082 | 0 | 0 |
_a341 _221 |
| 092 | 0 | 4 | _221 |
| 099 | _aLaw 11 2001 | ||
| 100 | 1 | _aCassese, Antonio. | |
| 245 | 1 | 0 |
_aInternational law / _cAntonio Cassese. |
| 264 |
_aOxford ; _aNew York : _bOxford University Press, _c2001. |
||
| 300 |
_axvii, 469 page ; _c25 cm. |
||
| 336 |
_atext _2rdacontent |
||
| 337 |
_aComputer _2rdamedia |
||
| 338 |
_aOnline Resource _2rdacarrier |
||
| 504 | _aIncludes bibliographical references (p. [419]-454) and index. | ||
| 650 | 0 | _aInternational law. | |
| 856 | 4 | 2 | _uhttps://fll.law.cu.edu.eg/fulltext/bks/ENGB11-00114.pdf |
| 856 | 4 | 2 |
_3Publisher description _uhttp://www.loc.gov/catdir/enhancements/fy0635/2001036907-d.html |
| 856 | 4 | 1 |
_3Table of contents only _uhttp://www.loc.gov/catdir/enhancements/fy0635/2001036907-t.html |
| 856 | 4 | 2 |
_3Contributor biographical information _uhttp://www.loc.gov/catdir/enhancements/fy0723/2001036907-b.html |
| 905 | _a10 | ||
| 942 |
_2ddc _cBK _e21 _n0 |
||
| 999 |
_c63075 _d63075 |
||